00545nmm a2200145Ia 4500008004100000020001500041041000800056100002500064245011900089264006400208300001800272490003000290650003000320856004900350251105s9999||||xx |||||||||||||||||und|| a1882528298 aspa aPreble-Niemi, Oralia 0aAfrodita en el trópico :b Erotismo y la construcción del sujeto femenino en obras de autoras centroamericanas a[Washington, Estados Unidos] :bScripta Humanistica, c1999 a264 páginas aLatin American Literature aLatin American literature uhttps://public.digitaliapublishing.com/a/163